00357nam a2200121 a 450000100100000000500170001000800410002704000250006808200150009324500460010826000530015430000280020700004135320201002034820.0131001s1998 xxua 001 0 spa d aDO-SdBNPbspacBNPHU axxxxbxxxx00aMacromedia freehand 8. :busing freehand. aCalifornia, Estados Unidos :bMacromedia,c1998. a318 p. :bil. ;c23 cm.